zpět

Detail výsledku týmu

Pod Věží, Pelhřimov

Datum a čas kvízu

28 Celkem bodů Celkový počet nahraných bodů na tomto kvízu bez doplňovacích otázek.
8. Pořadí na kvízu Konečné umístění týmu na tomto kvízu.

Zaznamenané odpovědi

# Otázka Odpověď Body Výsledky
1. Poblíž které jihočeské obce by... Lety 1
2. Minulý týden soud osvobodil čt... v Belgii 0
3. Mezinárodní filmový festival K... Ivan Trojan 1
4. Mobilní síť jednoho českého op... Vodafone 0
5. V dohrávce 29. kola fotbalové... Arsenal, 5:0 0.5
6. Sugo all'amatriciana patří mez... guanciale; pecorino 1
7. Napište zakrytou značku zobraz... Kikkoman 0
8. Když se řekne omáčka, určitě s... 15 1
9. Město Worcester dalo jméno jed... C; čertovo lejno 0
10. Jak se označuje tato jednoduch... velouté 0